[Event "Chigorin Memorial"]
[Site "St Petersburg"]
[Date "2015.10.11"]
[Round "9.39"]
[White "Arslanov, Shamil"]
[Black "Grigorjev, Iljya"]
[Result "1/2-1/2"]
[WhiteElo "2416"]
[BlackElo "2254"]
[PlyCount "87"]
[EventDate "2015.10.03"]
[EventRounds "9"]
[EventCountry "RUS"]

1. b3 Nf6 2. Bb2 g6 3. Bxf6 exf6 4. c4 Bg7 5. Nc3 d6 6. g3 O-O 7. Bg2 c6 8. Rc1
f5 9. e3 Nd7 10. Nge2 Nf6 11. Nf4 Qe7 12. d3 Bd7 13. O-O Rac8 14. Rc2 a6 15. b4
b5 16. cxb5 axb5 17. a4 bxa4 18. Nxa4 Qd8 19. Nb2 Ne8 20. Qd2 d5 21. Na4 Nd6
22. Nc5 Re8 23. Rfc1 Re7 24. Nxd7 Qxd7 25. b5 cxb5 26. Rxc8+ Nxc8 27. Nxd5 Re8
28. Qb4 Ne7 29. Nxe7+ Qxe7 30. Qxb5 Bh6 31. Kh1 Rd8 32. d4 Rxd4 33. Bd5 Qd8 34.
Bf3 Rd7 35. Ra1 Qe7 36. Qb6 Bg5 37. Ra8+ Rd8 38. Ra6 Rd2 39. Kg1 Kg7 40. Bc6
Rd1+ 41. Kg2 Rd6 42. Qc5 Qe6 43. Ra8 Be7 44. Bf3 1/2-1/2

[Event "Chigorin Memorial"]
[Site "St Petersburg"]
[Date "2015.10.11"]
[Round "9.40"]
[White "Kozionov, Kirill"]
[Black "Ivlev, Aleksey"]
[Result "1/2-1/2"]
[WhiteElo "2409"]
[BlackElo "2215"]
[PlyCount "91"]
[EventDate "2015.10.03"]
[EventRounds "9"]
[EventCountry "RUS"]

1. d4 Nf6 2. c4 e6 3. Nf3 Bb4+ 4. Nbd2 O-O 5. a3 Be7 6. e4 d5 7. e5 Nfd7 8. b4
a5 9. b5 c5 10. Bb2 cxd4 11. Nb3 Nc5 12. Nbxd4 Nbd7 13. cxd5 exd5 14. Nf5 Nb6
15. N3d4 Nc4 16. Qg4 g6 17. Bxc4 dxc4 18. Rd1 h5 19. Qg3 Ne4 20. Nxe7+ Qxe7 21.
Qe3 Nc5 22. O-O Ne6 23. Ne2 Qc5 24. Nd4 Re8 25. a4 Nxd4 26. Bxd4 Qf8 27. Bc5
Qg7 28. Rfe1 Bf5 29. Rd6 Rac8 30. Bd4 Qf8 31. Bc5 Qg7 32. Qd4 Be6 33. Re3 Qh6
34. h3 Qg5 35. Bb6 Kh7 36. Qc3 Kg8 37. Qxa5 c3 38. Rxc3 Bxh3 39. Rg3 Qxe5 40.
Bc7 Qa1+ 41. Kh2 Bf5 42. Qc3 Qxa4 43. b6 Qh4+ 44. Kg1 Re4 45. Re3 Rce8 46. Rdd3
1/2-1/2

[Event "Chigorin Memorial"]
[Site "St Petersburg"]
[Date "2015.10.11"]
[Round "9.41"]
[White "Shchukin, Dmitry"]
[Black "Slavin, Alexey"]
[Result "1-0"]
[WhiteElo "2299"]
[BlackElo "2401"]
[PlyCount "79"]
[EventDate "2015.10.03"]
[EventRounds "9"]
[EventCountry "RUS"]

1. d4 d5 2. c4 e6 3. Nc3 Bb4 4. Nf3 Nf6 5. Bg5 h6 6. Bxf6 Qxf6 7. Qb3 Nc6 8. e3
Qg6 9. cxd5 exd5 10. Bb5 O-O 11. O-O Bxc3 12. Qxc3 Bh3 13. Ne1 Bd7 14. Bxc6
Bxc6 15. Nd3 Qd6 16. Rfc1 Bb5 17. Nc5 Rfb8 18. a4 Be8 19. b4 Qb6 20. Rab1 Qd6
21. f3 f6 22. Qb3 Kh8 23. Rb2 Bg6 24. b5 c6 25. b6 Qe7 26. Re1 a5 27. e4 dxe4
28. fxe4 Rd8 29. Qc3 Qd6 30. Nxb7 Qxd4+ 31. Qxd4 Rxd4 32. Nc5 Rb4 33. Rxb4 axb4
34. b7 Re8 35. a5 b3 36. a6 b2 37. a7 Rxe4 38. Nxe4 b1=Q 39. b8=Q+ Kh7 40. Qxb1
1-0

[Event "Chigorin Memorial"]
[Site "St Petersburg"]
[Date "2015.10.11"]
[Round "9.42"]
[White "Rozhko, Dmitry"]
[Black "Lobanov, Sergei"]
[Result "0-1"]
[WhiteElo "2298"]
[BlackElo "2394"]
[PlyCount "114"]
[EventDate "2015.10.03"]
[EventRounds "9"]
[EventCountry "RUS"]

1. e4 c5 2. c3 d5 3. exd5 Qxd5 4. d4 Nf6 5. Nf3 Bg4 6. Be2 e6 7. O-O Nc6 8. h3
Bh5 9. Be3 cxd4 10. cxd4 Be7 11. Nc3 Qd6 12. a3 O-O 13. Qb3 a6 14. Rfd1 Rfd8
15. Rac1 b5 16. Qa2 b4 17. Na4 Nd5 18. Nc5 Rdc8 19. Qb3 bxa3 20. bxa3 Rab8 21.
Qd3 a5 22. Ng5 Bxg5 23. Bxh5 Qe7 24. Bf3 Nxe3 25. fxe3 Ne5 26. Qe4 Nxf3+ 27.
Qxf3 e5 28. Rc3 h6 29. Rcd3 Rb2 30. Qf5 Rc6 31. Na4 Re2 32. Nc3 e4 33. Nxe2
exd3 34. Qxd3 Bxe3+ 35. Kh1 Rg6 36. Ng1 Qg5 37. Qe4 Re6 38. Qa8+ Kh7 39. d5 Rg6
40. d6 Bf4 41. Qf3 Bxd6 42. Rd5 Qg3 43. Qxg3 Bxg3 44. Ne2 Rd6 45. Rxd6 Bxd6 46.
a4 Kg6 47. g4 Kf6 48. Kg2 Ke5 49. Kf3 Kd5 50. h4 Kc4 51. Ke4 Kb4 52. Kd5 Be7
53. h5 Kxa4 54. Kc4 Ka3 55. Kb5 Bb4 56. Nd4 Bc3 57. Nc6 Kb3 0-1

[Event "Chigorin Memorial"]
[Site "St Petersburg"]
[Date "2015.10.11"]
[Round "9.43"]
[White "Selivanov, Ivan"]
[Black "Igonin, Temur"]
[Result "0-1"]
[WhiteElo "2254"]
[BlackElo "2390"]
[PlyCount "70"]
[EventDate "2015.10.03"]
[EventRounds "9"]
[EventCountry "RUS"]

1. f4 d5 2. Nf3 c5 3. g3 Nc6 4. Bg2 Nf6 5. d3 g6 6. O-O Bg7 7. Qe1 O-O 8. c3
Re8 9. d4 cxd4 10. cxd4 Bf5 11. a3 Qb6 12. Qd1 Na5 13. b4 Nc4 14. Nc3 a5 15.
bxa5 Qxa5 16. Qb3 Rec8 17. Nd1 Ne4 18. e3 Ra6 19. Ne5 Ncd2 20. Bxd2 Nxd2 21.
Qxd5 Bxe5 22. Rf2 Bc7 23. Qxa5 Bxa5 24. Bxb7 Rac6 25. Bxc6 Rxc6 26. Nb2 Ne4 27.
Rff1 Bh3 28. Rfb1 Rc2 29. Nd1 Re2 30. Nb2 Rg2+ 31. Kf1 Rxb2+ 32. Kg1 Rg2+ 33.
Kf1 Rxh2+ 34. Kg1 Rg2+ 35. Kf1 Nxg3# 0-1

[Event "Chigorin Memorial"]
[Site "St Petersburg"]
[Date "2015.10.11"]
[Round "9.44"]
[White "Ibadov, Dashgyn"]
[Black "Yanchenko, Roman"]
[Result "1/2-1/2"]
[WhiteElo "2246"]
[BlackElo "2370"]
[PlyCount "120"]
[EventDate "2015.10.03"]
[EventRounds "9"]
[EventCountry "RUS"]

1. e4 e6 2. d4 d5 3. Nc3 Bb4 4. Nge2 dxe4 5. a3 Be7 6. Nxe4 b6 7. Be3 Bb7 8.
N2c3 Nd7 9. Qd2 Ngf6 10. Nxf6+ Nxf6 11. Bb5+ c6 12. Be2 O-O 13. O-O Nd5 14. Ne4
Nxe3 15. Qxe3 Qc7 16. f4 Rad8 17. Rad1 g6 18. Bf3 Rd7 19. g3 Rfd8 20. b4 Ba8
21. c4 c5 22. dxc5 Rxd1 23. Rxd1 Rxd1+ 24. Bxd1 bxc5 25. b5 Qa5 26. Qc3 Qd8 27.
Bf3 f5 28. Nf2 Bf6 29. Qe3 Bxf3 30. Qxf3 Bd4 31. Kg2 Bxf2 32. Qxf2 Qd6 33. Qe3
Kf7 34. a4 g5 35. fxg5 Kg6 36. h4 e5 37. g4 f4 38. Qe4+ Kg7 39. Qb7+ Kf8 40.
Qa8+ Ke7 41. Qxa7+ Kf8 42. Qa8+ Ke7 43. Qb7+ Kd8 44. Qd5 Qxd5+ 45. cxd5 c4 46.
h5 c3 47. g6 hxg6 48. h6 c2 49. h7 c1=Q 50. h8=Q+ Kd7 51. Qxe5 Qd2+ 52. Kf3 g5
53. Qe6+ Kd8 54. Qd6+ Ke8 55. Qc6+ Kd8 56. Ke4 Qe3+ 57. Kf5 f3 58. d6 Qa7 59.
Qxf3 Qxa4 60. Qc6 Qf4+ 1/2-1/2

[Event "Chigorin Memorial"]
[Site "St Petersburg"]
[Date "2015.10.11"]
[Round "9.45"]
[White "Atabayev, Saparmyrat"]
[Black "Evdokimov, Alexey"]
[Result "1-0"]
[WhiteElo "2368"]
[BlackElo "2193"]
[PlyCount "61"]
[EventDate "2015.10.03"]
[EventRounds "9"]
[EventCountry "RUS"]

1. e4 c5 2. b3 g6 3. Bb2 Nf6 4. e5 Nd5 5. e6 f6 6. exd7+ Bxd7 7. d4 cxd4 8.
Qxd4 Qa5+ 9. Nc3 Bc6 10. O-O-O Nxc3 11. Bxc3 Qc7 12. f4 Bh6 13. Nh3 O-O 14. Ng5
Bd7 15. Bc4+ Kg7 16. Rhe1 Bf5 17. Qd7 Qxf4+ 18. Bd2 Qxc4 19. Qxe7+ Rf7 20. bxc4
Rxe7 21. Rxe7+ Kg8 22. Nf7 Kf8 23. Rxb7 Bxd2+ 24. Rxd2 Nc6 25. Nh6 Be4 26. Rf7+
Ke8 27. Rxf6 Ke7 28. Rf7+ Ke6 29. Re2 Ke5 30. Ng4+ Kd4 31. Rd7+ 1-0

[Event "Chigorin Memorial"]
[Site "St Petersburg"]
[Date "2015.10.11"]
[Round "9.46"]
[White "Pletnev, Evgeniy"]
[Black "Gevorgyan, David Sh"]
[Result "1/2-1/2"]
[WhiteElo "2246"]
[BlackElo "2359"]
[PlyCount "149"]
[EventDate "2015.10.03"]
[EventRounds "9"]
[EventCountry "RUS"]

1. e4 c5 2. Nf3 d6 3. d4 cxd4 4. Nxd4 Nf6 5. Nc3 Bd7 6. Be3 Nc6 7. f3 e6 8. g4
a6 9. Qd2 Qb8 10. Be2 Be7 11. g5 Ng8 12. Rg1 Bd8 13. O-O-O Bc7 14. f4 Nge7 15.
f5 Ne5 16. Bf4 Qc8 17. Bxe5 dxe5 18. fxe6 fxe6 19. Nb3 Bb6 20. Rgf1 Qc7 21. Bg4
Rd8 22. Qg2 Ng6 23. Bh5 Ke7 24. Bxg6 hxg6 25. Kb1 Rdf8 26. a3 Rxf1 27. Rxf1 Rf8
28. Rxf8 Kxf8 29. Qf3+ Ke7 30. h4 Qb8 31. Qd3 Qd6 32. Qf3 Qb8 33. Qf1 Qc7 34.
Nd2 Bd4 35. Ne2 Bb5 36. Qf3 Qb6 37. c4 Ba4 38. b4 Be8 39. Qd3 Bf2 40. Nf3 Qd6
41. Qxd6+ Kxd6 42. Nc3 b6 43. Kc2 Bc6 44. Kd3 Bb7 45. Nd1 Bg3 46. Ne3 Bc6 47.
Nd1 Bf4 48. Nc3 Bc1 49. b5 axb5 50. cxb5 Be8 51. a4 Bf4 52. Kc4 Bd7 53. Kb4 Bc8
54. a5 bxa5+ 55. Kxa5 Be3 56. Nd1 Bd4 57. Nxd4 exd4 58. Nf2 Kc5 59. Nd3+ Kc4
60. Ne5+ Kc5 61. Nxg6 d3 62. Nf4 d2 63. Nd3+ Kd4 64. Nf2 Bb7 65. Kb4 Bxe4 66.
Nd1 Bf3 67. Nc3 d1=Q 68. Nxd1 Bxd1 69. b6 Bf3 70. h5 Ke5 71. h6 gxh6 72. gxh6
Kf6 73. Kc5 e5 74. Kd6 Bb7 75. h7 1/2-1/2

[Event "Chigorin Memorial"]
[Site "St Petersburg"]
[Date "2015.10.11"]
[Round "9.47"]
[White "Shevchenko, Kirill"]
[Black "Dilmukhametov, Artur"]
[Result "1-0"]
[WhiteElo "2359"]
[BlackElo "2187"]
[PlyCount "41"]
[EventDate "2015.10.03"]
[EventRounds "9"]
[EventCountry "RUS"]

1. e4 e6 2. d4 d5 3. Nc3 Bb4 4. e5 c5 5. a3 Bxc3+ 6. bxc3 Ne7 7. Qg4 cxd4 8.
Bd3 Qa5 9. Rb1 O-O 10. Nf3 Nf5 11. O-O dxc3 12. Qh3 f6 13. exf6 Rxf6 14. Bg5
Rf8 15. g4 Nh6 16. Bxh6 gxh6 17. Qxh6 Qc7 18. Ng5 Qg7 19. Bxh7+ Kh8 20. Qh5 e5
21. Be4+ 1-0

[Event "Chigorin Memorial"]
[Site "St Petersburg"]
[Date "2015.10.11"]
[Round "9.48"]
[White "Yeletsky, Ivan"]
[Black "Naumenko, Oleg"]
[Result "1-0"]
[WhiteElo "2342"]
[BlackElo "2167"]
[PlyCount "85"]
[EventDate "2015.10.03"]
[EventRounds "9"]
[EventCountry "RUS"]

1. e4 Nf6 2. e5 Nd5 3. d4 d6 4. Nf3 g6 5. h4 h5 6. Bc4 c6 7. Nc3 Nxc3 8. bxc3
d5 9. Be2 Bf5 10. c4 Bg7 11. Rb1 Qc7 12. O-O Nd7 13. Bf4 Nb6 14. Ng5 Qd7 15. c5
Nc4 16. Rb4 b5 17. cxb6 axb6 18. Rxc4 dxc4 19. Bxc4 e6 20. c3 O-O 21. f3 f6 22.
exf6 Bxf6 23. g4 Bxg5 24. gxf5 Rxf5 25. Bxg5 Qd6 26. Kg2 b5 27. Bb3 Kg7 28. Re1
Rxg5+ 29. hxg5 h4 30. Re5 c5 31. Bxe6 b4 32. Bb3 bxc3 33. Qe1 h3+ 34. Kxh3 c4
35. Bxc4 Qxd4 36. Re7+ Kh8 37. Re8+ Kh7 38. Qe7+ Qg7 39. Bg8+ Kh8 40. Qxg7+
Kxg7 41. Rxa8 c2 42. Rc8 c1=Q 43. Rxc1 1-0

[Event "Chigorin Memorial"]
[Site "St Petersburg"]
[Date "2015.10.11"]
[Round "9.49"]
[White "Kuzmin, Egor"]
[Black "Zakaryan, David"]
[Result "0-1"]
[WhiteElo "2232"]
[BlackElo "2335"]
[PlyCount "42"]
[EventDate "2015.10.03"]
[EventRounds "9"]
[EventCountry "RUS"]

1. Nf3 d5 2. d4 Nf6 3. c4 e6 4. Nc3 Be7 5. Bg5 Nbd7 6. cxd5 Nxd5 7. Bxe7 Qxe7
8. Nxd5 exd5 9. e3 O-O 10. Bd3 Nf6 11. Qc2 b6 12. O-O Bb7 13. b4 c6 14. Rab1
Rfc8 15. Rfc1 g6 16. a4 Rc7 17. a5 Nd7 18. Bb5 Rd8 19. a6 Bc8 20. Bxc6 Nb8 21.
Ne5 Bf5 0-1

[Event "Chigorin Memorial"]
[Site "St Petersburg"]
[Date "2015.10.11"]
[Round "9.50"]
[White "Menkov, Aleksandr"]
[Black "Savitskiy, Sergey"]
[Result "1-0"]
[WhiteElo "2197"]
[BlackElo "2333"]
[PlyCount "45"]
[EventDate "2015.10.03"]
[EventRounds "9"]
[EventCountry "RUS"]

1. e4 c5 2. Nf3 d6 3. d4 cxd4 4. Nxd4 Nf6 5. Nc3 e6 6. g4 h6 7. h4 Nc6 8. Rg1
d5 9. exd5 Nxd5 10. Nxd5 exd5 11. Be3 Be7 12. Qd2 Ne5 13. Be2 Nc4 14. Bxc4 dxc4
15. O-O-O Bxh4 16. g5 O-O 17. Qb4 Qb6 18. Nb5 Qc6 19. gxh6 Bd7 20. Rxg7+ Kh8
21. Nd6 Be6 22. Qc3 f6 23. Qd4 1-0

[Event "Chigorin Memorial"]
[Site "St Petersburg"]
[Date "2015.10.11"]
[Round "9.51"]
[White "Borisovsky, Dmitry"]
[Black "Esenov, Annaberdi"]
[Result "1-0"]
[WhiteElo "2169"]
[BlackElo "2323"]
[PlyCount "77"]
[EventDate "2015.10.03"]
[EventRounds "9"]
[EventCountry "RUS"]

1. e4 c5 2. Nf3 d6 3. d4 cxd4 4. Qxd4 Nc6 5. Bb5 Bd7 6. Qd3 Rc8 7. Bxc6 Bxc6 8.
c4 Nf6 9. Nc3 g6 10. O-O Bg7 11. h3 O-O 12. Be3 Nd7 13. Nd4 Ne5 14. Qe2 Bd7 15.
b3 a6 16. Rac1 e6 17. Qd2 Qe7 18. f4 Nc6 19. Nf3 Nb8 20. f5 b5 21. cxb5 axb5
22. Bd4 f6 23. fxe6 Qxe6 24. Bf2 f5 25. exf5 Rxf5 26. Bd4 Nc6 27. Bxg7 Kxg7 28.
Rce1 Ne5 29. Nd4 Rxf1+ 30. Rxf1 Qe8 31. Ne4 Nf7 32. Qf4 Rd8 33. Nc3 Nh6 34.
Qf6+ Kg8 35. Nd5 Nf7 36. Qh4 Kg7 37. Rxf7+ Kxf7 38. Qf6+ Kg8 39. Ne7+ 1-0

[Event "Chigorin Memorial"]
[Site "St Petersburg"]
[Date "2015.10.11"]
[Round "9.52"]
[White "Mrykhin, Igor"]
[Black "Sedina, Elena"]
[Result "1-0"]
[WhiteElo "2146"]
[BlackElo "2322"]
[PlyCount "81"]
[EventDate "2015.10.03"]
[EventRounds "9"]
[EventCountry "RUS"]

1. Nf3 d5 2. c4 c6 3. e3 Nf6 4. Be2 Bg4 5. Qb3 Qb6 6. h3 Bxf3 7. Bxf3 Nbd7 8.
d4 e6 9. Nc3 Be7 10. O-O O-O 11. c5 Qc7 12. Qc2 b6 13. cxb6 axb6 14. Bd2 Rfc8
15. Rac1 Qd8 16. Qb1 b5 17. Rc2 g6 18. Ne2 e5 19. Ng3 e4 20. Be2 Nb6 21. b3 Bd6
22. Rfc1 Ba3 23. Rd1 h5 24. Bf1 Bd6 25. Ne2 Kg7 26. Be1 Bb8 27. f4 exf3 28.
gxf3 Qd6 29. Nf4 Re8 30. Rg2 Kh8 31. Bd3 Qe7 32. Kh1 Qxe3 33. Bd2 Qxd4 34.
Nxg6+ fxg6 35. Bxg6 Rg8 36. Bg5 Qe5 37. Re1 Qd6 38. Qf5 Nbd7 39. Re6 Qxe6 40.
Qxe6 Rxg6 41. Bxf6+ 1-0

[Event "Chigorin Memorial"]
[Site "St Petersburg"]
[Date "2015.10.11"]
[Round "9.53"]
[White "Egorov, Daniil"]
[Black "Schekachikhin, Maksim"]
[Result "0-1"]
[WhiteElo "2064"]
[BlackElo "2320"]
[PlyCount "216"]
[EventDate "2015.10.03"]
[EventRounds "9"]
[EventCountry "RUS"]

1. e4 c5 2. Nf3 e6 3. d4 cxd4 4. Nxd4 Nc6 5. Nc3 Qc7 6. Be2 a6 7. O-O Nf6 8.
Be3 Bb4 9. Nxc6 bxc6 10. Qd4 Bd6 11. f4 e5 12. Qd2 O-O 13. Rad1 Bb4 14. Bf3 Re8
15. a3 Bf8 16. fxe5 Qxe5 17. Kh1 Qe6 18. Bf4 Ng4 19. Bxg4 Qxg4 20. Bd6 Bxd6 21.
Qxd6 Qe6 22. Qf4 f6 23. Qc7 Qe5 24. Rd6 Qc5 25. Rd5 Qe7 26. Rdd1 Qe5 27. Rd6
Ra7 28. Qxa7 Qxd6 29. Rd1 Qe5 30. h3 f5 31. exf5 Qxf5 32. Rc1 Qf4 33. Rd1 d5
34. Qc5 Qf6 35. Kg1 Bf5 36. Rf1 Qg6 37. Kh1 Bxc2 38. Qa7 Bd3 39. Rd1 h6 40. Qd7
Bf5 41. Qa7 Bc8 42. Qb6 Qf6 43. Kg1 Qe6 44. Kh1 Kh7 45. Rf1 Qd6 46. Rd1 Qf6 47.
Kg1 Rf8 48. Kh1 Qe6 49. Kg1 Rf6 50. Kh1 Qe5 51. Qc5 Qg3 52. Ne2 Qg5 53. Nd4 Bd7
54. Nf3 Qh5 55. Qc2+ Bf5 56. Qe2 Bxh3 57. Ng5+ Qxg5 58. gxh3 Qf5 59. Qd3 Kg6
60. Rg1+ Kf7 61. Qxf5 Rxf5 62. Rc1 Rf6 63. Rc5 Ke7 64. Kg2 Kd6 65. b4 d4 66.
Kg3 Rf1 67. a4 Rb1 68. Rc4 Kd5 69. Rc5+ Ke4 70. Rxc6 d3 71. Re6+ Kd5 72. Re7
Kc4 73. Rc7+ Kb3 74. Rd7 Kxa4 75. Kf2 Rxb4 76. Rxd3 Rb2+ 77. Ke1 Rb7 78. Kd2
Kb5 79. Rb3+ Kc6 80. Ra3 Rb6 81. Rg3 Rb7 82. Ra3 Ra7 83. Kc3 a5 84. Kc4 a4 85.
Rg3 Kd6 86. Ra3 Ke5 87. Kb5 Kf4 88. Kb6 Ra8 89. Kb7 Ra5 90. Kb6 Rg5 91. Rxa4+
Kg3 92. Ra3+ Kh4 93. Kc6 Rg3 94. Ra1 Kxh3 95. Kd5 Kg4 96. Ke5 Re3+ 97. Kd4 Re7
98. Rg1+ Kf5 99. Rf1+ Kg6 100. Rg1+ Kh7 101. Kd5 g5 102. Kd6 Re2 103. Kd5 Kg6
104. Kd4 h5 105. Kd3 Re6 106. Rf1 h4 107. Rf8 Kh5 108. Rh8+ Kg4 0-1

[Event "Chigorin Memorial"]
[Site "St Petersburg"]
[Date "2015.10.11"]
[Round "9.54"]
[White "Litvinov, Maxim"]
[Black "Yakimenko, Alexander A"]
[Result "1-0"]
[WhiteElo "2397"]
[BlackElo "2090"]
[PlyCount "95"]
[EventDate "2015.10.03"]
[EventRounds "9"]
[EventCountry "RUS"]

1. e4 e6 2. d3 d5 3. Nd2 Nf6 4. Ngf3 Be7 5. g3 b6 6. e5 Nfd7 7. Bg2 c5 8. O-O
Qc7 9. Re1 Nc6 10. Qe2 g5 11. h3 h5 12. g4 Bb7 13. Nf1 hxg4 14. hxg4 O-O-O 15.
c3 Kb8 16. Bd2 Rde8 17. Ng3 Rhg8 18. Nh5 Ba6 19. a4 f6 20. exf6 Nxf6 21. Nxg5
e5 22. Ne6 Qd7 23. Nhg7 Rxg7 24. Nxg7 Rg8 25. g5 Rxg7 26. gxf6 Bxf6 27. Qf3 Bh4
28. Qh5 Bd8 29. Re3 Bc7 30. Qh3 Qf7 31. Rf3 Qg8 32. Rg3 e4 33. Rxg7 Qxg7 34.
dxe4 dxe4 35. Re1 Ne5 36. Rxe4 Bb7 37. Re3 Bc8 38. Qg3 Qd7 39. Rxe5 Qxd2 40.
Qe3 Qxb2 41. Re8 Qb1+ 42. Qe1 Qd3 43. Rh8 Bf4 44. c4 Qd4 45. Rg8 Be5 46. Bh3
Qf4 47. Rxc8+ Kb7 48. Qe3 1-0

[Event "Chigorin Memorial"]
[Site "St Petersburg"]
[Date "2015.10.11"]
[Round "9.55"]
[White "Petrov, Dmitri"]
[Black "Chekhov, Sergei"]
[Result "1/2-1/2"]
[WhiteElo "2245"]
[BlackElo "2488"]
[PlyCount "64"]
[EventDate "2015.10.03"]
[EventRounds "9"]
[EventCountry "RUS"]

1. e4 c5 2. Nf3 e6 3. d4 cxd4 4. Nxd4 a6 5. Bd3 Bc5 6. Nb3 Be7 7. Qg4 Nf6 8.
Qxg7 Rg8 9. Qh6 Nc6 10. Nc3 Rxg2 11. Bd2 d6 12. O-O-O Rg6 13. Qe3 e5 14. Nd5
Be6 15. h3 a5 16. a4 Nxd5 17. exd5 Bxd5 18. Bxg6 hxg6 19. Rhg1 Be6 20. f4 Qc7
21. fxe5 dxe5 22. Bc3 Rc8 23. Kb1 Nb4 24. Qxe5 Qxe5 25. Bxe5 Nxc2 26. Nxa5 Nb4
27. Nxb7 Bf5+ 28. Ka1 Nc2+ 29. Ka2 Nb4+ 30. Ka1 Nc2+ 31. Ka2 Nb4+ 32. Ka1 Nc2+
1/2-1/2

[Event "Chigorin Memorial"]
[Site "St Petersburg"]
[Date "2015.10.11"]
[Round "9.56"]
[White "Shkalov, Oleg"]
[Black "Atabayev, Yusup"]
[Result "0-1"]
[WhiteElo "2239"]
[BlackElo "2428"]
[PlyCount "54"]
[EventDate "2015.10.03"]
[EventRounds "9"]
[EventCountry "RUS"]

1. d4 Nf6 2. c4 e6 3. Nc3 Bb4 4. a3 Bxc3+ 5. bxc3 O-O 6. f3 d5 7. cxd5 exd5 8.
e3 Nh5 9. g3 Re8 10. Nh3 c5 11. g4 cxd4 12. cxd4 Qh4+ 13. Kd2 Nc6 14. Bb2 Qe7
15. e4 dxe4 16. gxh5 e3+ 17. Ke2 b6 18. Nf4 Ba6+ 19. Nd3 Rad8 20. Qa4 Bxd3+ 21.
Kxd3 e2 22. Qxc6 Qe3+ 23. Kc2 Rc8 24. d5 Rxc6+ 25. dxc6 Qc5+ 26. Kd2 Qd5+ 27.
Kc2 Qxc6+ 0-1

[Event "Chigorin Memorial"]
[Site "St Petersburg"]
[Date "2015.10.11"]
[Round "9.57"]
[White "Siva, Mahadevan"]
[Black "Dimitrova, Aleksandra"]
[Result "1-0"]
[WhiteElo "2392"]
[BlackElo "2235"]
[PlyCount "65"]
[EventDate "2015.10.03"]
[EventRounds "9"]
[EventCountry "RUS"]

1. e4 c5 2. Nf3 Nc6 3. d4 cxd4 4. Nxd4 Qb6 5. Nb3 Nf6 6. Nc3 e6 7. Qe2 Bb4 8.
Bd2 O-O 9. O-O-O d5 10. f3 a5 11. a3 a4 12. Be3 Qd8 13. Nxa4 Rxa4 14. axb4 Qc7
15. Bc5 Re8 16. Qf2 Bd7 17. Bb5 Ra2 18. Qe3 Ne5 19. Bxd7 Nfxd7 20. exd5 b6 21.
dxe6 Rxe6 22. Bd4 h6 23. Bc3 Rg6 24. Rxd7 Qxd7 25. Qxe5 Rxg2 26. Rd1 Qc8 27. f4
Ra8 28. Qe4 Rxh2 29. Rg1 Qa6 30. Na5 bxa5 31. b5 Qc8 32. Qe5 f6 33. Rxg7+ 1-0

[Event "Chigorin Memorial"]
[Site "St Petersburg"]
[Date "2015.10.11"]
[Round "9.58"]
[White "Rodin, Dmitrij"]
[Black "Pashinsky, Mikhail"]
[Result "0-1"]
[WhiteElo "2378"]
[BlackElo "2228"]
[PlyCount "118"]
[EventDate "2015.10.03"]
[EventRounds "9"]
[EventCountry "RUS"]

1. e4 e6 2. d4 d5 3. Nd2 dxe4 4. Nxe4 Bd7 5. Nf3 Bc6 6. Bd3 Nd7 7. O-O Ngf6 8.
Neg5 Bd6 9. Re1 h6 10. Nh3 Bxf3 11. Qxf3 c6 12. Nf4 Qa5 13. c3 O-O-O 14. Ne2 g5
15. g3 Kb8 16. Bd2 g4 17. Qg2 e5 18. b4 Qd5 19. Bc2 exd4 20. Nxd4 Qh5 21. Rad1
Ne5 22. Be4 Rhe8 23. f4 Nc4 24. Bc1 c5 25. Bxb7 cxd4 26. Qc6 Bc7 27. Ba6 Nd6
28. c4 d3 29. Be3 Qf5 30. Bxa7+ Kxa7 31. Qxc7+ Kxa6 32. a4 Nb7 33. c5 Nd5 34.
Qc6+ Ka7 35. Rxe8 Rxe8 36. Qxe8 Nxb4 37. c6 Qc5+ 38. Kf1 Qc2 39. Qe3+ Nc5 40.
Rd2 Qc1+ 41. Kg2 Kb6 42. c7 Kxc7 43. Qe5+ Kc6 44. Rb2 Nd5 45. Qe8+ Nd7 46. Qc8+
Nc7 47. Qb7+ Kd6 48. Qb4+ Qc5 49. a5 Qxb4 50. Rxb4 Kc5 51. Rb1 Na6 52. Rb7 Kc6
53. Rb1 Kd5 54. Kf2 Kd4 55. Ke1 Ndc5 56. Rb6 Ke3 57. Kd1 Ne4 58. Rb3 Nac5 59.
Ra3 Na4 0-1

[Event "Chigorin Memorial"]
[Site "St Petersburg"]
[Date "2015.10.11"]
[Round "9.59"]
[White "Urazayev, Arystanbek"]
[Black "Sanzhaev, Darsen"]
[Result "1-0"]
[WhiteElo "2217"]
[BlackElo "2378"]
[PlyCount "133"]
[EventDate "2015.10.03"]
[EventRounds "9"]
[EventCountry "RUS"]

1. e4 c5 2. b4 cxb4 3. a3 d5 4. exd5 Qxd5 5. Nf3 e5 6. axb4 Bxb4 7. c3 Bd6 8.
Na3 Ne7 9. Bc4 Qe4+ 10. Be2 O-O 11. O-O Nbc6 12. Nb5 Qg6 13. d4 e4 14. Ng5 Bf5
15. Bh5 Qf6 16. f3 e3 17. Nxd6 Qxd6 18. Bxe3 Nd5 19. Bd2 Rae8 20. Qb3 Bd3 21.
Rf2 g6 22. Ne4 Bxe4 23. fxe4 Nf6 24. e5 Qd5 25. Qxd5 Nxd5 26. Bf3 Rd8 27. Raf1
Kg7 28. Bg5 f6 29. Bxd5 Rxd5 30. Bxf6+ Kg8 31. e6 b5 32. g4 Re8 33. Re1 a5 34.
Rfe2 a4 35. g5 Rd6 36. Ra2 Na5 37. Re5 Nc4 38. Rxb5 Rdxe6 39. Rb4 Ne3 40. Rbxa4
Nd5 41. Ra8 Nxc3 42. Rxe8+ Rxe8 43. Ra7 Ne4 44. Rg7+ Kf8 45. Rxh7 Nxf6 46. gxf6
Re6 47. Kf2 Re4 48. Rd7 Rf4+ 49. Ke3 Rxf6 50. Rh7 Kg8 51. Rh3 Re6+ 52. Kd3 Rd6
53. Rf3 Rd8 54. Rf4 Kg7 55. h4 Kh6 56. Ke4 g5 57. Rf6+ Kh5 58. hxg5 Kxg5 59.
Re6 Ra8 60. d5 Ra4+ 61. Ke5 Ra5 62. Re8 Kg6 63. Ke6 Kg7 64. d6 Ra6 65. Rb8 Ra1
66. d7 Re1+ 67. Kf5 1-0

[Event "Chigorin Memorial"]
[Site "St Petersburg"]
[Date "2015.10.11"]
[Round "9.60"]
[White "Chashchev, Sergey"]
[Black "Larin, Maxim"]
[Result "0-1"]
[WhiteElo "2377"]
[BlackElo "2199"]
[PlyCount "78"]
[EventDate "2015.10.03"]
[EventRounds "9"]
[EventCountry "RUS"]

1. b4 e5 2. Bb2 Bxb4 3. Bxe5 Nf6 4. c4 O-O 5. Nf3 Nc6 6. Bb2 Re8 7. e3 d5 8.
cxd5 Nxd5 9. Be2 b6 10. O-O Bb7 11. d4 Qe7 12. a3 Bd6 13. Bd3 Rad8 14. Re1 Qd7
15. Qc2 h6 16. Nbd2 Na5 17. g3 c5 18. e4 Ne7 19. d5 Ng6 20. e5 Nxe5 21. Bxe5
Bxe5 22. Rxe5 Rxe5 23. Nxe5 Qxd5 24. Ndf3 Nb3 25. Re1 Nd4 26. Bh7+ Kh8 27.
Nxf7+ Qxf7 28. Nxd4 cxd4 29. Be4 Bxe4 30. Qxe4 d3 31. Rd1 d2 32. Qe2 Qd5 33. a4
Qd7 34. h4 Qd5 35. Qe3 Qd3 36. Qe7 Rc8 37. Kh2 a6 38. Qe6 Rf8 39. Kg2 Qf3+ 0-1

[Event "Chigorin Memorial"]
[Site "St Petersburg"]
[Date "2015.10.11"]
[Round "9.61"]
[White "Kotlyar, Kirill"]
[Black "Mesnyankin, Nikita"]
[Result "1-0"]
[WhiteElo "2370"]
[BlackElo "2218"]
[PlyCount "101"]
[EventDate "2015.10.03"]
[EventRounds "9"]
[EventCountry "RUS"]

1. e4 e5 2. d4 exd4 3. Qxd4 Nc6 4. Qe3 Nf6 5. Bd2 Bb4 6. a3 Bxd2+ 7. Nxd2 Qe7
8. O-O-O O-O 9. f4 d5 10. e5 Ng4 11. Qg3 Qc5 12. Nb3 Qf2 13. Nh3 Qxg3 14. hxg3
Ne7 15. Be2 Bf5 16. Bf3 Ne3 17. Rde1 Nxc2 18. Re2 c5 19. Rxc2 Bxc2 20. Kxc2
Rac8 21. Rd1 Rfd8 22. g4 b6 23. Nf2 a5 24. Be2 d4 25. Bf3 Nd5 26. Bxd5 Rxd5 27.
Ne4 a4 28. Nbd2 b5 29. Nd6 d3+ 30. Kc3 b4+ 31. axb4 cxb4+ 32. Kxb4 Rc2 33. N6c4
Rd4 34. g3 g5 35. Kc5 Rd8 36. f5 Kg7 37. Ra1 Rc8+ 38. Kd4 Rd8+ 39. Ke3 h6 40.
Rxa4 Rc1 41. Ra7 Re1+ 42. Kf3 Kg8 43. Rb7 Re2 44. Rb6 Kg7 45. b4 Rd5 46. Rd6
Rexe5 47. Nxe5 Rxd6 48. Ke4 Rd8 49. Nxd3 Re8+ 50. Kd4 Re2 51. Ne4 1-0

[Event "Chigorin Memorial"]
[Site "St Petersburg"]
[Date "2015.10.11"]
[Round "9.62"]
[White "Purtov, Konstantin"]
[Black "Gubajdullin, Alexei"]
[Result "0-1"]
[WhiteElo "2199"]
[BlackElo "2359"]
[PlyCount "56"]
[EventDate "2015.10.03"]
[EventRounds "9"]
[EventCountry "RUS"]

1. e4 c5 2. Ne2 g6 3. c3 Bg7 4. d4 cxd4 5. cxd4 d5 6. e5 Nc6 7. Nbc3 Nh6 8. Nf4
Nf5 9. Be3 e6 10. Bb5 O-O 11. O-O f6 12. exf6 Qxf6 13. Bxc6 bxc6 14. Nce2 c5
15. dxc5 d4 16. Bd2 e5 17. Qb3+ Kh8 18. Nd5 Qf7 19. Nb4 Be6 20. Qa3 Bc4 21.
Rfe1 a5 22. Nc6 Bd5 23. Nxa5 Bxg2 24. Kxg2 Nh4+ 25. Kh3 Qxf2 26. Ng3 Qg2+ 27.
Kg4 h5+ 28. Kg5 Rf5+ 0-1